ნორმალური ფორმატი
MARC ფორმატი
ჩანაწერი Personal Name
ჩანაწერთა რაოდენობა, რომელიც გამოყენებულია: 7
001 - CONTROL NUMBER
- control field: 8336
003 - CONTROL NUMBER IDENTIFIER
- control field: GE_BSU
005 - DATE AND TIME OF LATEST TRANSACTION
- control field: 20200611122417.0
008 - FIXED-LENGTH DATA ELEMENTS
- fixed length control field: 200611|| aca||aabn | a|a d
040 ## - CATALOGING SOURCE
- Original cataloging agency: GE_BSU
- Transcribing agency: GE_BSU
100 ## - HEADING--PERSONAL NAME
- Personal name: Sembulingam, K.,
- Relator term: author.
670 ## - SOURCE DATA FOUND
- Source citation: Work cat.: (GE_BSU)0: Sembulingam, K., author., Essentials of medical physiology /
